Pokémon - Les attaques de Maraiste - Statistiques

Statistiques générales
  • Ce quiz a été pris 16 fois
  • Le résultat moyen est 10 sur 13
Statistiques - réponses
Niveaux Types Noms des attaques % Correct
Départ Eau Pistolet à O
100%
Niveau 52 Sol Séisme
100%
Niveau 12 Glace Buée Noire
90%
Départ Sol Tir de Boue
90%
Niveau 40 Psy Amnésie
80%
Niveau 12 Glace Brume
80%
Niveau 28 Eau Hydro-Queue
80%
Niveau 34 Eau Ocroupi
80%
Départ Eau Danse Pluie
70%
Départ Normal Mimi-Queue
70%
Niveau 46 Poison Toxik
70%
Niveau 16 Normal Souplesse
50%
Niveau 23 Normal Bâillement
30%
Aucun quiz correspondant
Distribution des résultats
% des personnes avec chaque résultat
Percentile par nombre de réponses
Votre historique - résultats
Vous n’avez pas pris ce quiz